• 首页
  • 本馆介绍
  • 公告通知
  • 最新文献
  • 馆藏检索
  • 电子资源
  • 读者导购
  • 参考咨询
  • 我的图书馆
  • 登录
  • 详细信息显示
  • 放入我的书架
  • 预约/预借图书
  • 作者相关作品
  • 分类相关作品
  • 丛书相关作品
  • 出版社相关作品

书目信息

  • 表格格式
  • 工作单格式
  • 卡片格式
题名:
安继民学术文集
    
 
作者: 安继民 著
分册:  
出版信息: 郑州   大象出版社  2018
页数: 379页
开本: 24cm
丛书名: 中原学术文库
单 册:
中图分类: B222.05 , B223.05
科图分类:
主题词: 儒学--ru xue--文集 , 道家--dao jia--文集
电子资源:
ISBN: 978-7-5347-9847-4
000 01092nam 2200313 450
001 012001006937
005 20130301095032.0
010    @a978-7-5347-9847-4@dCNY120.00
099    @aCAL 012019026418
100    @a20190314d2018 em y0chiy50 ea
101 0  @achi
102    @aCN@b410000
105    @ay a 000yy
106    @ar
200 1  @a安继民学术文集@Aan ji min xue shu wen ji@f安继民著
210    @a郑州@c大象出版社@d2018
215    @a379页@d24cm
225 2  @a中原学术文库@Azhong yuan xue shu wen ku@i文集
300    @a河南省社会科学院哲学社会科学创新工程试点经费资助
320    @a有书目
330    @a本书收集了作者安继民的学术论文,包括《善不可说与儒家的社会善恶守恒律》《伦理与道德的中国哲学思考——兼与廖申白先生商榷》《冯友兰境界说的人生意义追思》《论儒道互补》《儒道两家理论起点的逻辑分析》等。
410  0 @12001 @a中原学术文库@i文集
606 0  @a儒学@Aru xue@j文集
606 0  @a道家@Adao jia@j文集
690    @aB222.05@v5
690    @aB223.05@v5
701  0 @a安继民@Aan ji min@4著
801  0 @aCN@b上海新华@c20191020
905    @b1132551-3@dB222.05@e889@f3
    
    安继民学术文集/安继民著.-郑州:大象出版社,2018
    379页;24cm.-(中原学术文库.文集)
    河南省社会科学院哲学社会科学创新工程试点经费资助
    
    ISBN 978-7-5347-9847-4:CNY120.00
    本书收集了作者安继民的学术论文,包括《善不可说与儒家的社会善恶守恒律》《伦理与道德的中国哲学思考——兼与廖申白先生商榷》《冯友兰境界说的人生意义追思》《论儒道互补》《儒道两家理论起点的逻辑分析》等。
●
相关链接 在E读中查询图书 在五车中查询图书 在当当中查询图书 在豆瓣中查询图书


正题名:安继民学术文集     索取号:B222.05/889         预约/预借

序号 登录号 条形码 馆藏地/架位号 状态 备注
1 1132551   211325519   第一样本阅览室/ [索取号:B222.05/889] 在馆    
2 1132552   211325528   第一借阅区/ [索取号:B222.05/889] 在馆    
3 1132553   211325537   第一借阅区/ [索取号:B222.05/889] 在馆    
唐山师范学院图书馆 欢迎您!
大连网信软件有限公司© 版权所有